| Tag |
First Indicator |
Second Indicator |
Subfields |
| LEADER |
00000cam a2200000 4500 |
| 001 |
in00000021946 |
| 005 |
20151007063813.0 |
| 008 |
720512s1964 nyu 00000 eng u |
| 010 |
|
|
|a 64013503
|
| 035 |
|
|
|a (OCoLC)00307649
|
| 035 |
|
|
|9 AAD8288AM
|
| 040 |
|
|
|c WSU
|d TXA
|d UtOrBLW
|
| 041 |
1 |
|
|a eng
|a nor
|
| 049 |
|
|
|a TXAM
|c [368972]
|
| 050 |
|
0 |
|a PT8884.A3
|b S6
|
| 092 |
|
|
|a 839.826
|b I14
|
| 100 |
1 |
|
|a Ibsen, Henrik,
|d 1828-1906.
|
| 245 |
1 |
0 |
|a Letters and speeches /
|c Edited by Evert Sprinchorn.
|
| 250 |
|
|
|a [1st ed.].
|
| 264 |
|
1 |
|a New York :
|b Hill and Wang,
|c [1964]
|
| 300 |
|
|
|a xix, 360 pages ;
|c 20 cm.
|
| 336 |
|
|
|a text
|b txt
|2 rdacontent
|
| 337 |
|
|
|a unmediated
|b n
|2 rdamedia
|
| 338 |
|
|
|a volume
|b nc
|2 rdacarrier
|
| 490 |
1 |
|
|a A Dramabook
|
| 500 |
|
|
|a "D37."
|
| 500 |
|
|
|a Translations by the editor and others.
|
| 700 |
1 |
|
|a Sprinchorn, Evert.
|
| 830 |
|
0 |
|a Dramabook.
|
| 999 |
|
|
|a MARS
|
| 999 |
f |
f |
|s 61485c00-36cc-3f67-a10d-6ec47a77d398
|i dd8e91ca-3f08-364a-a060-b734ef8d197b
|t 0
|
| 952 |
f |
f |
|p normal
|a Texas A&M University
|b College Station
|c Sterling C. Evans Library
|d Evans: Library Stacks
|t 0
|e PT8884.A3 S6
|h Library of Congress classification
|i unmediated -- volume
|m A14801361537
|
| 998 |
f |
f |
|a PT8884.A3 S6
|t 0
|l Evans: Library Stacks
|